00462nam a2200181 a 4500001001300000003000900013005001700022008004100039020001000080082001500090245004400105260002800149300001300177500003500190505001400225650002200239710001900261nice12345678IN_TiNIC20260116012607.0050524s1983 vara grp 000 0 eng  ac10000a269.2bSPC aChristian Presence in Muslim Countries. aVaranasibS P C Kc1983 a11papers aincludes index and biblioraphy2 a11 Papers aEvangelistic Work2 aS P C K Papers